Fernsehleute nach Bildern - Statistiken

Allgemein
  • Dieses Quiz wurde 6.200 mal gespielt
  • Das Durchschnittsergebnis liegt bei 11 aus 20
Antwortstatistiken
Bildquiz Antwort % Korrekt
Elton
94%
Klaas Heufer-Umlauf
94%
Barbara Schöneberger
89%
Tim Mälzer
79%
Anke Engelke
77%
Jorge Gonzalez
75%
Horst Lichter
74%
Jan Böhmermann
71%
Hugo Egon Balder
49%
Alexander Bommes
47%
Ina Müller
43%
Harald Lesch
42%
Sandra Maischberger
42%
Laura Wontorra
37%
Ruth Moschner
34%
Oliver Kalkofe
30%
Maybrit Illner
26%
Judith Rakers
24%
Gundula Gause
22%
Olli Dittrich
22%
Keine übereinstimmenden Quizze gefunden
Verteilung der Resultate
Anzahl Personen mit jedem Resultat
Perzentil nach korrekt beantworteten Fragen
Ihre Resultats-Entwicklung
Sie haben dieses Quiz noch nicht gespielt